[Event "2019 Standard Chess Dropout Tournament, Round 1"]
[Site "SchemingMind.com"]
[Date "2018.12.10"]
[Round "1"]
[White "JPT"]
[Black "Stephen Woodhouse"]
[Result "0-1"]
[WhiteCountry "INT"]
[BlackCountry "ENG"]
[WhiteElo "1748"]
[WhiteRD "85"]
[BlackElo "1842"]
[BlackRD "67"]
[GameID "435835"]

1. e4 e6 2. d4 d5 3. e5 c5 4. Nf3 cxd4 5. Bd3 Bb4+ 6. Nbd2 Nc6 7. O-O Nge7 8. Nb3 Qc7 9. a3 Ba5 10. Nxa5 Qxa5
11. Bf4 Ng6 12. Bxg6 hxg6 13. Nxd4 Qb6 14. Nxc6 bxc6 15. Qd3 Ba6 16. Qc3 Bxf1 17. Rxf1 Rb8 18. Rb1 c5 19. b3 a5 20. a4 Qb4
21. Qe3 Rh4 22. g3 Rh5 23. c3 Qe4 24. Qxe4 dxe4 25. Be3 c4 26. b4 axb4 27. Rxb4 Rxb4 28. cxb4 Rxe5 29. Bd4 Rd5 30. Bxg7 e5
31. a5 c3 32. a6 c2 33. Bh6 Rd1+ 34. Kg2 c1=Q 35. Bxc1 Rxc1 36. b5 Kd7
0-1

[Event "2019 Standard Chess Dropout Tournament, Round 1"]
[Site "SchemingMind.com"]
[Date "2018.12.14"]
[Round "1"]
[White "Michael Christensen"]
[Black "Wolli"]
[Result "1-0"]
[WhiteCountry "GER"]
[BlackCountry "GER"]
[WhiteElo "1534"]
[WhiteRD "105"]
[BlackElo "1606"]
[BlackRD "79"]
[GameID "435836"]

1. e4 d6 2. d4 Nf6 3. Nc3 g6 4. Nf3 Bg7 5. Be2 O-O 6. O-O Nbd7 7. e5 dxe5 8. dxe5 Ng4 9. e6 fxe6 10. Ng5 Ndf6
11. Bxg4 Nxg4 12. Qxg4
1-0

[Event "2019 Standard Chess Dropout Tournament, Round 1"]
[Site "SchemingMind.com"]
[Date "2018.12.12"]
[Round "1"]
[White "Keithk"]
[Black "Helga1946"]
[Result "1-0"]
[WhiteCountry "ENG"]
[BlackCountry "GER"]
[WhiteElo "2540"]
[WhiteRD "61"]
[BlackElo "2180"]
[BlackRD "77"]
[GameID "435837"]

1. d4 d5 2. c4 dxc4 3. Nf3 c6 4. e3 Be6 5. Nc3 h6 6. Be2 Nd7 7. e4 Ngf6 8. O-O Qc7 9. Be3 Bg4 10. e5 Nd5
11. Bxc4 Nxc3 12. bxc3 e6 13. a4 Rd8 14. Bd3 Qa5 15. Qc2 g5 16. Nd2 Bh5 17. Rab1 Rb8 18. f4 gxf4 19. Bxf4 Rg8 20. c4 Qa6
21. c5 Qa5 22. Ne4 Bg6 23. Kh1 Be7 24. Bxh6 Bxe4 25. Bxe4 Rh8 26. Be3 Qc7 27. g4 Nf8 28. Qg2 Rc8 29. Rb2 Ng6 30. Rbf2 Bd8
31. Rxf7 Qxf7 32. Rxf7 Kxf7 33. Qf1+ Kg7 34. Qb1 Nf8 35. Qxb7+ Rc7 36. Qb3 Rh3 37. Kg2 Rh8 38. h3 a6 39. Qb6 Nd7 40. Qxa6 Bh4
41. Qc4 Re8 42. Qc1 Kf7 43. Bh6 Bd8 44. Qf4+
1-0

[Event "2019 Standard Chess Dropout Tournament, Round 1"]
[Site "SchemingMind.com"]
[Date "2018.12.09"]
[Round "1"]
[White "kenneth m day"]
[Black "Holty"]
[Result "1/2-1/2"]
[WhiteCountry "USA"]
[BlackCountry "ENG"]
[WhiteElo "1732"]
[WhiteRD "59"]
[BlackElo "1719"]
[BlackRD "64"]
[GameID "435838"]

1. e4 e6 2. d4 d5 3. Nd2 dxe4 4. Nxe4 Nd7 5. Nf3 Ngf6 6. Ng3 c5 7. c3 Be7 8. Bd3 O-O 9. O-O b6 10. Bf4 Bb7
11. Re1 Nd5 12. Bd2 a6 13. Ne5 N7f6 14. Qe2 cxd4 15. cxd4 Rc8 16. Rac1 b5 17. Ne4 Nd7 18. Qh5 N7f6 19. Nxf6+ Nxf6 20. Qh3 Qxd4
21. Bc3 Qd5 22. a3 Nh5 23. Be4 Qc5 24. Bxb7 Rc7 25. Be4 g6 26. Qe3 Qxe3 27. Rxe3 Bg5 28. Ree1 Bxc1 29. Rxc1 Nf4 30. Bf3 Nd5
31. Bxd5 exd5 32. Rd1 f6 33. Nf3 Rd7 34. Nd4 Kf7 35. h4 h6 36. Rd3 Re8 37. Rf3 Rc7 38. Nc2 Re6 39. Nd4 Ree7 40. Kf1 Re8
41. Ne2 Re6 42. Nd4 Re8 43. Ne2 Re6 44. Nd4=
1/2-1/2

[Event "2019 Standard Chess Dropout Tournament, Round 1"]
[Site "SchemingMind.com"]
[Date "2018.12.14"]
[Round "1"]
[White "klagefall"]
[Black "Andreas Flato"]
[Result "1/2-1/2"]
[WhiteCountry "GER"]
[BlackCountry "GER"]
[WhiteElo "2032"]
[WhiteRD "105"]
[BlackElo "1753"]
[BlackRD "106"]
[GameID "435839"]

1. d4 e6 2. c4 d5 3. Nf3 dxc4 4. e3 Bb4+ 5. Nfd2 Nf6 6. Bxc4 O-O 7. O-O Bd7 8. Nc3 a6 9. Qb3 Nc6 10. a3 Bxc3
11. Qxc3 Ne7 12. b4 b5 13. Be2 Ned5 14. Qc2 a5 15. bxa5 Rxa5 16. Nb3 Ra8 17. Nc5 b4 18. Nxd7 Qxd7 19. Bb2 Rfb8 20. axb4 Nxb4
21. Qb3 Nc6 22. Rxa8 Rxa8 23. Rc1 Rb8 24. Qc2 h6 25. g3 Ne7 26. Bf3 Ned5 27. Kg2 Qb5 28. Ba3 Qb3 29. Bc5 Qb2 30. e4 Qxc2
31. Rxc2 Nb4 32. Rb2 Na6 33. Rxb8+ Nxb8 34. Bb4 Nc6 35. Bc3 Kf8= 36. Kf1 Ke7 37. Ke2 g6 38. Ke3 g5 39. h3 Nd7 40. g4 Nf8
41. d5 Nd8 42. Bg7 f6 43. Bxh6 Nf7 44. Bxf8+ Kxf8 45. dxe6 Ne5 46. Bd1 Ng6 47. Bb3=
1/2-1/2

[Event "2019 Standard Chess Dropout Tournament, Round 1"]
[Site "SchemingMind.com"]
[Date "2018.12.09"]
[Round "1"]
[White "klapa"]
[Black "Allan Sedstrem"]
[Result "0-1"]
[WhiteCountry "POL"]
[BlackCountry "SCO"]
[WhiteElo "1358"]
[WhiteRD "79"]
[BlackElo "1600"]
[BlackRD "65"]
[GameID "435840"]

1. e4 e5 2. Nf3 Nc6 3. Bc4 Nf6 4. Ng5 d5 5. exd5 Nxd5 6. Qf3 Qxg5 7. Bxd5 Be6 8. Bxc6+ Bd7 9. Bxd7+ Kxd7 10. Qd5+ Bd6
11. Qxb7 Rhb8 12. Qd5 Ke7 13. O-O Rd8 14. d4 Qg6 15. dxe5 Bb4 16. Qb7 Ba5 17. Qb5 Bb6 18. Nc3 Rab8 19. Nd5+ Kf8 20. Qb4+ c5
21. Qf4 Rxd5 22. Bd2 Rbd8 23. Rad1 Bc7 24. Rfe1 Qxc2 25. Ba5 Rxd1 26. Kf1 Rxe1+ 27. Bxe1 Rd1 28. g3 Qd3+ 29. Kg2 Rxe1 30. Qg4 Qe4+
0-1

[Event "2019 Standard Chess Dropout Tournament, Round 1"]
[Site "SchemingMind.com"]
[Date "2018.12.09"]
[Round "1"]
[White "Arthur Wilding"]
[Black "malcolm chugg"]
[Result "0-1"]
[WhiteCountry "WLS"]
[BlackCountry "WLS"]
[WhiteElo "1066"]
[WhiteRD "96"]
[BlackElo "1260"]
[BlackRD "52"]
[GameID "435841"]

1. d4 d5 2. e3 Nf6 3. Nc3 Ne4 4. Nxe4 dxe4 5. Bb5+ Bd7 6. Bc4 e6 7. b3 Qg5 8. g3 Nc6 9. Ne2 Na5 10. O-O Nxc4
11. bxc4 O-O-O 12. a4 e5 13. Ba3 b6 14. Bxf8 Rhxf8 15. a5 b5 16. c3 bxc4 17. Qc2 Qf5 18. dxe5 Qxe5 19. Ra3 Rde8 20. Nf4 a6
21. Rb1 Bb5 22. Rd1 Qc5 23. Rda1 g5 24. Ne2 h5 25. Nd4 f5 26. Qd1 g4 27. Nxb5 Qxb5 28. Rb1 Qc5 29. Ra4 Rd8 30. Qc2 c6
31. Rb6 Rd7 32. Qb2 Kd8 33. Rb8+ Ke7 34. Rxf8 Kxf8 35. Qb8+ Kg7 36. Qf4 Qb5 37. Qg5+ Kf8 38. Ra1 Qb2 39. Qxf5+ Ke7 40. Qxe4+ Kd8
41. Re1 Qxc3 42. Ra1 Qxa1+
0-1

[Event "2019 Standard Chess Dropout Tournament, Round 1"]
[Site "SchemingMind.com"]
[Date "2018.12.09"]
[Round "1"]
[White "Thomas Jacob Kelly"]
[Black "surfnsuds"]
[Result "1-0"]
[WhiteCountry "USA"]
[BlackCountry "USA"]
[WhiteElo "1763"]
[WhiteRD "85"]
[BlackElo "1301"]
[BlackRD "99"]
[GameID "435842"]

1. e4 c5 2. b4 cxb4 3. Nf3 Nc6 4. d4 d5 5. exd5 Qxd5 6. c4 Qa5 7. d5 b3+ 8. Bd2 b2 9. Bxa5 bxa1=Q 10. dxc6 bxc6
11. Qd8#
1-0

[Event "2019 Standard Chess Dropout Tournament, Round 1"]
[Site "SchemingMind.com"]
[Date "2018.12.11"]
[Round "1"]
[White "Johnny Owens"]
[Black "Don71"]
[Result "1-0"]
[WhiteCountry "USA"]
[BlackCountry "NIR"]
[WhiteElo "2403"]
[WhiteRD "70"]
[BlackElo "2408"]
[BlackRD "91"]
[GameID "435843"]

1. d4 Nf6 2. Bg5 Ne4 3. Bf4 d5 4. e3 Nd7 5. Bd3 g5 6. Bxe4 dxe4 7. Bg3 Bg7 8. h4 gxh4 9. Rxh4 c5 10. Ne2 cxd4
11. Nxd4 Qb6 12. Nc3 Qxb2 13. Nd5 Kf8 14. Rb1 Qxa2 15. Nxe7 Bf6 16. Ra1 Qc4 17. Bd6 Bxh4 18. Nd5+ Ke8 19. Ne6
1-0

[Event "2019 Standard Chess Dropout Tournament, Round 1"]
[Site "SchemingMind.com"]
[Date "2018.12.12"]
[Round "1"]
[White "Lanaroon"]
[Black "swayne"]
[Result "0-1"]
[WhiteCountry "ENG"]
[BlackCountry "ENG"]
[WhiteElo "1498"]
[WhiteRD "101"]
[BlackElo "1652"]
[BlackRD "70"]
[GameID "435844"]

1. e4 c5 2. Nf3 Nc6 3. d4 cxd4 4. Nxd4 e5 5. Nxc6 bxc6 6. Bc4 Nf6 7. Bg5 Be7 8. Qe2 d5 9. Bxf6 Bxf6 10. Bb3 O-O
11. O-O a5 12. exd5 cxd5 13. Rd1 Bb7 14. Nc3 d4 15. Ne4 Rc8 16. c4 Qe7 17. Rd3 Bc6 18. c5 Bxe4 19. Qxe4 Rxc5 20. Bc4 Rxc4
21. b3 Rc3 22. Rh3 g6 23. Rxc3 dxc3 24. Rc1 Rc8 25. Rc2 Qd7 26. Qe1 Qd3
0-1

[Event "2019 Standard Chess Dropout Tournament, Round 1"]
[Site "SchemingMind.com"]
[Date "2018.12.13"]
[Round "1"]
[White "Lee Shuck"]
[Black "Andrew Burruss"]
[Result "0-1"]
[WhiteCountry "ENG"]
[BlackCountry "USA"]
[WhiteElo "1266"]
[WhiteRD "88"]
[BlackElo "1254"]
[BlackRD "128"]
[GameID "435845"]

1. e4 e5 2. Nf3 Nc6 3. Nc3 Nf6 4. Bb5 a6 5. Bxc6 bxc6 6. Nxe5 Qe7 7. Ng4 d5 8. Qe2 Nxg4 9. exd5 Qe5 10. Qxe5+ Nxe5
11. dxc6 Nxc6 12. O-O Bc5 13. Re1+ Ne7 14. Ne4 O-O 15. Nxc5 Re8 16. d4 Bf5 17. c3 Nd5 18. Rxe8+ Rxe8 19. Nxa6 Re1#
0-1

[Event "2019 Standard Chess Dropout Tournament, Round 1"]
[Site "SchemingMind.com"]
[Date "2018.12.09"]
[Round "1"]
[White "William Lindberg"]
[Black "kenneth m day"]
[Result "1-0"]
[WhiteCountry "USA"]
[BlackCountry "USA"]
[WhiteElo "2478"]
[WhiteRD "70"]
[BlackElo "1732"]
[BlackRD "59"]
[GameID "435846"]

1. c4 g6 2. d4 Bg7 3. e4 d6 4. Nc3 Nf6 5. Be2 O-O 6. Nf3 e5 7. O-O exd4 8. Nxd4 Bd7 9. f3 Nc6 10. Be3 Re8
11. Nc2 Ne5 12. Qd2 Be6 13. b3 c6 14. Rfd1 Bf8 15. h3 Qd7 16. f4 Neg4 17. hxg4 Bxg4 18. Bf3 Bxf3 19. gxf3 Qh3 20. Qg2 Qxg2+
21. Kxg2 b6 22. Rd2 Rad8 23. Rh1 Bg7 24. Rhd1 Bf8 25. e5 Nd7 26. Ne4 d5 27. cxd5 cxd5 28. Rxd5
1-0

[Event "2019 Standard Chess Dropout Tournament, Round 1"]
[Site "SchemingMind.com"]
[Date "2018.12.09"]
[Round "1"]
[White "Clive Everill"]
[Black "Raymond de Kemp"]
[Result "1/2-1/2"]
[WhiteCountry "CZE"]
[BlackCountry "NED"]
[WhiteElo "1668"]
[WhiteRD "58"]
[BlackElo "1679"]
[BlackRD "80"]
[GameID "435847"]

1. e4 c5 2. Nc3 d6 3. f4 Nc6 4. Nf3 g6 5. Bc4 Bg7 6. O-O e6 7. d3 a6 8. f5 gxf5 9. exf5 d5 10. Bb3 Nge7
11. fxe6 Bxe6 12. Ng5 Qd6 13. Qh5 O-O-O 14. Bf4 Be5 15. Bxe5 Nxe5 16. Rae1 Bg4 17. Qh4 Be6 18. d4 N5g6 19. Qf2 c4 20. Ba4 b5
21. Bxb5 axb5 22. Nxb5 Qb6 23. a4 h6 24. Nxe6 fxe6 25. c3 Rhf8 26. Qe3 Rxf1+ 27. Rxf1 Nf5= 28. Qh3 Ngh4 29. Kh1 Rg8 30. g3 Ng6
31. g4 Nfe7 32. Qxh6 Rh8 33. Qg5 Qb8 34. Rf2 Kd7=
1/2-1/2

[Event "2019 Standard Chess Dropout Tournament, Round 1"]
[Site "SchemingMind.com"]
[Date "2018.12.10"]
[Round "1"]
[White "malcolm chugg"]
[Black "Martin E. Hardwick"]
[Result "0-1"]
[WhiteCountry "WLS"]
[BlackCountry "ENG"]
[WhiteElo "1250"]
[WhiteRD "52"]
[BlackElo "1251"]
[BlackRD "124"]
[GameID "435848"]

1. f4 e6 2. g3 d5 3. Bg2 Nf6 4. Nc3 Be7 5. e4 Nxe4 6. Nxe4 dxe4 7. Qh5 Qd5 8. Qg5 Bxg5 9. fxg5 Qxg5 10. d4 e3
11. Nf3 Qa5+ 12. c3 Nc6 13. Bxe3 Ne7 14. Ne5 h6 15. Nc4 Qf5 16. Rf1 Qd3
0-1

[Event "2019 Standard Chess Dropout Tournament, Round 1"]
[Site "SchemingMind.com"]
[Date "2018.12.09"]
[Round "1"]
[White "Martin E. Hardwick"]
[Black "wight knight"]
[Result "0-1"]
[WhiteCountry "ENG"]
[BlackCountry "ENG"]
[WhiteElo "1205"]
[WhiteRD "124"]
[BlackElo "1293"]
[BlackRD "62"]
[GameID "435849"]

1. d4 Nc6 2. Nf3 f6 3. e3 d5 4. Bb5 a6 5. Bxc6+ bxc6 6. O-O Bg4 7. Nbd2 Bxf3 8. Nxf3 e6 9. a3 Bd6 10. Bd2 g5
11. Bb4 Bxb4 12. axb4 Qd6 13. Qd2 g4 14. Nh4 Nh6 15. Rfe1 O-O-O 16. Rxa6 g3 17. fxg3 f5 18. Nf3 Kd7 19. Ne5+ Kc8 20. Rxc6 Qe7
21. Ra1 Kb7 22. Rca6 Ra8 23. Rxa8 Rxa8 24. Rxa8 Kxa8 25. Qc3 Ng4 26. Qc6+ Ka7 27. Qc5+ Qxc5 28. bxc5 Nxe3 29. c3 h5 30. b4 Ka6
31. Kf2 Nd1+ 32. Ke2 Nxc3+ 33. Kd3 Na2 34. Nc6 Kb5 35. Na7+ Kxb4 36. Nc6+ Kb5 37. Ne5 Nb4+ 38. Kc3 Nc6 39. Nxc6 Kxc6 40. Kd3 Kb5
41. h3 c6 42. g4 fxg4 43. hxg4 hxg4 44. g3 Kb4 45. Ke3 Kc4 46. Kf4 Kxd4 47. Kxg4 Ke4 48. Kg5 d4
0-1

[Event "2019 Standard Chess Dropout Tournament, Round 1"]
[Site "SchemingMind.com"]
[Date "2018.12.12"]
[Round "1"]
[White "Massey Ferguson"]
[Black "Michael Christensen"]
[Result "1-0"]
[WhiteCountry "ENG"]
[BlackCountry "GER"]
[WhiteElo "2061"]
[WhiteRD "115"]
[BlackElo "1534"]
[BlackRD "105"]
[GameID "435850"]

1. d4 e5 2. dxe5 d6 3. Nf3 Nc6 4. Bf4 Bg4 5. Qd3 Qd7 6. exd6 Bxd6 7. Bxd6 Qxd6 8. Qxd6 cxd6 9. Nc3 O-O-O 10. Ng5 Rd7
11. f3 Bf5 12. e4 Bg6 13. O-O-O h6 14. Nh3 Nf6 15. Nf4 Bh7 16. Be2 Rhd8 17. Rhe1 Ne7 18. Bb5 Rc7 19. Ba4 Nc6 20. Nb5 Rcd7
21. Nd5 Ne8 22. Nd4
1-0

[Event "2019 Standard Chess Dropout Tournament, Round 1"]
[Site "SchemingMind.com"]
[Date "2018.12.12"]
[Round "1"]
[White "MichaelG"]
[Black "Lanaroon"]
[Result "1-0"]
[WhiteCountry "GER"]
[BlackCountry "ENG"]
[WhiteElo "1927"]
[WhiteRD "96"]
[BlackElo "1498"]
[BlackRD "101"]
[GameID "435851"]

1. d4 d5 2. c4 dxc4 3. e3 Nf6 4. Bxc4 e6 5. Nf3 c5 6. O-O a6 7. Bb3 Nc6 8. Qe2 b5 9. Rd1 c4 10. Bc2 Nb4
11. Nc3 g6 12. Ne5 Bg7 13. Be4 Nxe4 14. Nxe4 Bxe5 15. dxe5 Nd3 16. Nd6+ Ke7 17. Qf3 Nxe5 18. Qxa8 Qxd6 19. Rxd6 Kxd6 20. Bd2 Rd8
21. Bb4+ Kc7 22. Qa7+ Bb7 23. Ba5+
1-0

[Event "2019 Standard Chess Dropout Tournament, Round 1"]
[Site "SchemingMind.com"]
[Date "2018.12.09"]
[Round "1"]
[White "Robert Pallett"]
[Black "Ingemar Assarsjö"]
[Result "1-0"]
[WhiteCountry "ENG"]
[BlackCountry "SWE"]
[WhiteElo "2353"]
[WhiteRD "84"]
[BlackElo "1847"]
[BlackRD "113"]
[GameID "435852"]

1. e4 c5 2. Nc3 Nc6 3. f4 g6 4. Nf3 d6 5. Bc4 Nf6 6. O-O Bg7 7. d3 O-O 8. Qe1 Be6 9. Bxe6 fxe6 10. Ne2 Nd7
11. Qh4 Nd4 12. Nexd4 Bxd4+ 13. Kh1 Bf6 14. Qg4 e5 15. f5 Qe8 16. Bh6 Bg7 17. Bxg7 Kxg7 18. Ng5 Rf6 19. Ne6+ Kf7 20. fxg6+ hxg6
21. Nc7 Qd8 22. Qe6+ Kg7 23. Rxf6 Nxf6 24. Nxa8 Kf8 25. g4 Qxa8 26. Rf1 g5 27. h4 Kg7 28. Qxe7+
1-0

[Event "2019 Standard Chess Dropout Tournament, Round 1"]
[Site "SchemingMind.com"]
[Date "2018.12.10"]
[Round "1"]
[White "Omahony"]
[Black "Abstract Actuary"]
[Result "0-1"]
[WhiteCountry "ENG"]
[BlackCountry "USA"]
[WhiteElo "1794"]
[WhiteRD "70"]
[BlackElo "1810"]
[BlackRD "81"]
[GameID "435853"]

1. d4 Nf6 2. e3 d6 3. f4 g6 4. Bc4 Bg7 5. Nf3 c6 6. O-O b5 7. Bb3 a5 8. c3 a4 9. Bc2 Bb7 10. Nbd2 Na6
11. Qe2 Nc7 12. Ng5 h6 13. Nge4 Qd7 14. Nf3 Nfd5 15. Bd2 f5 16. Ng3 c5 17. Rad1 c4 18. e4 fxe4 19. Nxe4 O-O-O 20. b3 Ba6
21. bxc4 bxc4 22. Rb1 Bb5 23. a3 Qg4 24. Qd1 Nxf4 25. Bxf4 Qxf4 26. Qe2 Qg4 27. Nf2 Qd7 28. Bxg6 Nd5 29. Qc2 Kc7 30. Rfe1 Rhf8
31. Be4 Nf4 32. Rb2 d5 33. Bh7 Rf7 34. Reb1 Bc6 35. Re1 Rdf8 36. Ne5 Bxe5 37. Rxe5 e6 38. Bg6 Rg7 39. g3 Nxg6 40. Re1 Ne7
41. Nh3 Rf6 42. Kg2 Qe8 43. Rbb1 Qg6 44. Qb2 Qd3 45. Nf2 Qf3+ 46. Kg1 Nc8 47. Qd2 h5 48. Re3 Qf5 49. Rbe1 h4 50. Nh1 Nd6
51. Re5 Qg6 52. Qb2 Kd7 53. Qb8 Rg8 54. Qa7+ Kd8 55. Qb6+ Kd7 56. Kg2 hxg3 57. Nxg3 Nf5 58. Qa7+ Ke8 59. Qb8+ Kf7 60. Qc7+ Ne7
61. Kh1 Qg4 62. Qd6 Rh8 63. Kg1 Rxh2
0-1

[Event "2019 Standard Chess Dropout Tournament, Round 1"]
[Site "SchemingMind.com"]
[Date "2018.12.14"]
[Round "1"]
[White "Dan Geana"]
[Black "spittingfire"]
[Result "1-0"]
[WhiteCountry "ROU"]
[BlackCountry "CAN"]
[WhiteElo "2583"]
[WhiteRD "117"]
[BlackElo "2443"]
[BlackRD "228"]
[GameID "435854"]

1. e4 c5 2. Nf3 Nc6 3. d4 cxd4 4. Nxd4 Nf6 5. Nc3 g6 6. Nxc6 bxc6 7. e5 Ng8 8. Bc4 Bg7 9. Qf3 f5 10. Bf4 e6
11. O-O-O Qc7 12. h4 Nh6 13. h5 g5 14. Bxg5 Nf7 15. Bf4 Bxe5 16. Bxe5 Nxe5 17. Qg3 Qb8 18. Bb3 Nf7 19. f4 Qb4 20. Rhe1 Kf8
21. Qf2 Rg8 22. Na4 Nh6 23. Nc5 Ng4 24. Qg1 d5 25. c4 Kf7 26. Re2 Qb6 27. cxd5 cxd5 28. Rxd5 exd5 29. Bxd5+ Kg7 30. Bxa8 Qd6
31. g3 Rd8 32. Bf3 Ne3 33. Rxe3 Qxc5+ 34. Kb1 h6 35. Qc1 Qxc1+ 36. Kxc1 Kf6 37. Ra3
1-0

[Event "2019 Standard Chess Dropout Tournament, Round 1"]
[Site "SchemingMind.com"]
[Date "2018.12.14"]
[Round "1"]
[White "PION4290"]
[Black "Dan Geana"]
[Result "0-1"]
[WhiteCountry "CAN"]
[BlackCountry "ROU"]
[WhiteElo "1624"]
[WhiteRD "85"]
[BlackElo "2583"]
[BlackRD "121"]
[GameID "435855"]

1. d4 Nf6 2. c4 e6 3. a3 d5 4. Bg5 dxc4 5. e3 b5 6. Nf3 h6 7. Bh4 a6 8. Be2 Nbd7 9. O-O Bb7 10. Nc3 c5
11. Qd2 cxd4 12. exd4 Be7 13. Rfe1 O-O 14. Rad1 Nd5 15. Bxe7 Nxe7 16. Qf4 Qb8 17. Qh4 Qd6 18. Ne5 Nf5 19. Qf4 Rad8 20. Bf3 Bxf3
21. gxf3 Nxe5 22. dxe5 Qc7 23. Ne4 Rxd1 24. Rxd1 Rd8 25. Nd6 f6 26. Qc1 Nh4 27. f4 Qc6 28. f3 Nxf3+ 29. Kf2 Nh4 30. Ke3 Qf3+
31. Kd4 Ng2 32. Rf1 Qd5+ 33. Kc3 b4+ 34. Kxb4 Rb8+
0-1

[Event "2019 Standard Chess Dropout Tournament, Round 1"]
[Site "SchemingMind.com"]
[Date "2018.12.14"]
[Round "1"]
[White "pnwmusichound"]
[Black "Ed Mason"]
[Result "1-0"]
[WhiteCountry "USA"]
[BlackCountry "WLS"]
[WhiteElo "1909"]
[WhiteRD "98"]
[BlackElo "1639"]
[BlackRD "109"]
[GameID "435857"]

1. e4 e5 2. Nc3 Nc6 3. g3 Nf6 4. Bg2 Bc5 5. Nf3 O-O 6. Nxe5 Nxe5 7. d4 Bd6 8. f4 Nc6 9. e5 Re8 10. O-O Be7
11. Be3 d6 12. exf6 Bxf6 13. Bf2 Bf5 14. g4 Bd7 15. g5 Be7 16. Qd3 Rb8 17. a3 Qc8 18. d5 Nd8 19. Bxa7 Ra8 20. Bd4 c6
21. b4 f6 22. gxf6 Bxf6 23. Bxf6 gxf6 24. Ne4 Rxe4 25. Bxe4 cxd5 26. Bxh7+
1-0

[Event "2019 Standard Chess Dropout Tournament, Round 1"]
[Site "SchemingMind.com"]
[Date "2018.12.14"]
[Round "1"]
[White "Ramesh Panwar"]
[Black "simon_w"]
[Result "1-0"]
[WhiteCountry "IND"]
[BlackCountry "IRL"]
[WhiteElo "2536"]
[WhiteRD "71"]
[BlackElo "1719"]
[BlackRD "115"]
[GameID "435858"]

1. e4 e5 2. Nf3 Nc6 3. Bb5 a6 4. Ba4 Nf6 5. O-O Nxe4 6. d4 Be7 7. Re1 b5 8. Rxe4 d5 9. Nxe5 Nxe5 10. Rxe5 bxa4
11. Qe1 Be6 12. f4 Qd7 13. Nc3 g6 14. b3 axb3 15. cxb3 c6 16. Na4 Qa7 17. Kh1 Bf5 18. Ba3
1-0

[Event "2019 Standard Chess Dropout Tournament, Round 1"]
[Site "SchemingMind.com"]
[Date "2018.12.12"]
[Round "1"]
[White "Ragged Rook"]
[Black "clare1347"]
[Result "0-1"]
[WhiteCountry "ENG"]
[BlackCountry "ENG"]
[WhiteElo "1808"]
[WhiteRD "80"]
[BlackElo "2332"]
[BlackRD "95"]
[GameID "435859"]

1. e4 e5 2. Nf3 Nc6 3. Nc3 g6 4. d4 exd4 5. Nd5 Bg7 6. Bg5 Nce7 7. Nxd4 c6 8. Nxe7 Nxe7 9. Qd2 d5 10. O-O-O h6
11. Bxe7 Qxe7 12. exd5 O-O 13. Re1 Qd6 14. Nb3 a5 15. dxc6 Qxc6 16. Nd4 Qa4 17. c3 Qxa2 18. Bb5 Rb8 19. Qf4 Bxd4 20. g4 Rd8
21. Qxb8 Bxc3 22. bxc3 Rd2 23. Re8+ Kh7 24. Bd3 Qb2#
0-1

[Event "2019 Standard Chess Dropout Tournament, Round 1"]
[Site "SchemingMind.com"]
[Date "2018.12.09"]
[Round "1"]
[White "Raymond de Kemp"]
[Black "Johnny Owens"]
[Result "0-1"]
[WhiteCountry "NED"]
[BlackCountry "USA"]
[WhiteElo "1703"]
[WhiteRD "87"]
[BlackElo "2403"]
[BlackRD "70"]
[GameID "435860"]

1. e4 d5 2. exd5 Qxd5 3. Nc3 Qd6 4. d4 Nf6 5. Nf3 c6 6. g3 Bf5 7. Bf4 Qb4 8. Rb1 e6 9. a3 Qa5 10. b4 Qd8
11. Bg2 Be7 12. O-O O-O 13. Re1 h6 14. h3 Nbd7 15. Ne2 a5 16. bxa5 Rxa5 17. Rxb7 Qa8 18. Rb3 Rxa3 19. Rxa3 Qxa3 20. g4 Be4
21. Ng3 Bd5 22. Bc1 Qa5 23. Re3 c5 24. Bb2 Qa2 25. Bc3 Rc8 26. Ne2 Rb8 27. Nc1 Qa8 28. Nb3 c4 29. Nbd2 Bc6 30. Nxc4 Nd5
31. Rd3 Nf4 32. Re3 Rc8 33. Ba1 Nxg2 34. Kxg2 Bxf3+ 35. Qxf3 Qxa1 36. Ne5 Nxe5 37. dxe5 Rxc2
0-1

[Event "2019 Standard Chess Dropout Tournament, Round 1"]
[Site "SchemingMind.com"]
[Date "2018.12.10"]
[Round "1"]
[White "Ronald R. Nurmi"]
[Black "Omahony"]
[Result "1/2-1/2"]
[WhiteCountry "USA"]
[BlackCountry "ENG"]
[WhiteElo "1765"]
[WhiteRD "73"]
[BlackElo "1794"]
[BlackRD "70"]
[GameID "435861"]

1. d4 d5 2. Bf4 Bf5 3. c4 c6 4. e3 e6 5. Nc3 Bd6 6. Bxd6 Qxd6 7. Qb3 b6 8. Nf3 Nf6 9. Be2 h6 10. O-O O-O
11. Rac1 Nbd7 12. cxd5 exd5 13. h3 Rfe8 14. Qd1 Re7 15. Re1 Rae8 16. a3 Ne4 17. b4 Rc8 18. b5 Nxc3 19. Rxc3 c5 20. dxc5 Nxc5
21. Nd4 Bd7 22. Bg4 Rce8 23. Kh1 Qf6 24. Bxd7 Rxd7 25. Qf3 Qe5 26. Qf5 Qd6 27. Qf3 Qg6 28. Qf5 Qxf5 29. Nxf5 Re5 30. Nd4 Kf8
31. Kg1 Ke8 32. Kf1 f5 33. f3 Kd8 34. f4 Re4 35. Nxf5 Kc7 36. Kf2 Kb7 37. g4 Kb8 38. Nd4 Kb7 39. f5 Rf7 40. Kg3 Rf6
41. Rf1 Rf7 42. Nb3 Nxb3 43. Rxb3 Rc4 44. Rf4 Rfc7 45. Rxc4 dxc4 46. Rc3 Kc8 47. a4 Kd7 48. Kf4 Rc5 49. h4 Ke7 50. e4 Kf6
51. g5+ Kf7 52. e5 Ke7 53. Ke4 hxg5 54. hxg5 Kf7 55. Kd4 g6 56. f6 Ke6 57. Ke4=
1/2-1/2

[Event "2019 Standard Chess Dropout Tournament, Round 1"]
[Site "SchemingMind.com"]
[Date "2018.12.12"]
[Round "1"]
[White "sbb"]
[Black "Keithk"]
[Result "1/2-1/2"]
[WhiteCountry "USA"]
[BlackCountry "ENG"]
[WhiteElo "2545"]
[WhiteRD "85"]
[BlackElo "2554"]
[BlackRD "62"]
[GameID "435862"]

1. d4 d5 2. Nf3 Nf6 3. c4 e6 4. Nc3 c6 5. g3 dxc4 6. Bg2 Nbd7 7. O-O b5 8. e4 Bb7 9. e5 Nd5 10. Ng5 h6
11. Nxe6 fxe6 12. Qh5+ Ke7 13. Ne4 Qe8 14. Bg5+ hxg5 15. Qxh8 Kd8 16. Nxg5 Kc8 17. a4 c5 18. Rfd1 bxa4 19. Rxa4 N5b6 20. Ra5 Bxg2
21. Kxg2 cxd4 22. Rxd4 Kb7 23. Ne4=
1/2-1/2

[Event "2019 Standard Chess Dropout Tournament, Round 1"]
[Site "SchemingMind.com"]
[Date "2018.12.12"]
[Round "1"]
[White "Shanks"]
[Black "sbb"]
[Result "0-1"]
[WhiteCountry "ENG"]
[BlackCountry "USA"]
[WhiteElo "1330"]
[WhiteRD "73"]
[BlackElo "2545"]
[BlackRD "83"]
[GameID "435863"]

1. Nf3 c5 2. c4 g6 3. d4 cxd4 4. Nxd4 Nc6 5. Nf3 Bg7 6. e3 b6 7. Nbd2 Nf6 8. e4 O-O 9. e5 Ng4 10. Ne4 Ngxe5
11. Nxe5 Nxe5 12. g3 f5 13. Nd2 Bb7 14. Rg1 f4 15. gxf4 Rxf4 16. Nb3 Nf3+ 17. Ke2 Nxg1+ 18. Kd3 Be4+ 19. Kd2 Qc7 20. Bd3 Rxf2+
21. Ke3 Qf4#
0-1

[Event "2019 Standard Chess Dropout Tournament, Round 1"]
[Site "SchemingMind.com"]
[Date "2018.12.14"]
[Round "1"]
[White "simon_w"]
[Black "Adrian Grajczak"]
[Result "1-0"]
[WhiteCountry "IRL"]
[BlackCountry "POL"]
[WhiteElo "1781"]
[WhiteRD "111"]
[BlackElo "1752"]
[BlackRD "107"]
[GameID "435864"]

1. e4 d6 2. d4 Nf6 3. Nc3 e5 4. Nf3 Nbd7 5. Bc4 Be7 6. Bxf7+ Kxf7 7. Ng5+ Kg8 8. Ne6 Qe8 9. Nxc7 Qg6 10. Qf3 exd4
11. N3d5 Bd8 12. Nxa8 Ne5 13. Nxf6+ Bxf6 14. Qb3+ Kf8 15. O-O Qxe4 16. Nc7 Qc6 17. Ne6+ Ke7 18. Nxd4 Qc7 19. Re1 Re8 20. Bf4
1-0